LEADER 01216nam 2200361 450 001 996280605003316 005 20230809224917.0 010 $a1-5386-2795-7 035 $a(CKB)3710000001416570 035 $a(WaSeSS)IndRDA00103219 035 $a(EXLCZ)993710000001416570 100 $a20180815d2017 uy 0 101 0 $aeng 135 $aur||||||||||| 181 $ctxt$2rdacontent 182 $cc$2rdamedia 183 $acr$2rdacarrier 200 10$aSECM 2017 $e2017 IEEE/ACM 1st International Workshop on Software Engineering Curricula for Millennials : proceedings : 27 May 2017, Buenos Aires, Argentina /$feditors, Hakan Erdogmus, Ce?cile Pe?raire ; sponsored by SIGSOFT 210 1$aPiscataway, New Jersey :$cIEEE Press,$d2017. 215 $a1 online resource (86 pages) 311 $a1-5386-2796-5 606 $aSoftware engineering$xStudy and teaching$vCongresses 615 0$aSoftware engineering$xStudy and teaching 676 $a005.1071 702 $aErdogmus$b Hakan 702 $aPe?raire$b Ce?cile 712 02$aACM Sigsoft, 801 0$bWaSeSS 801 1$bWaSeSS 906 $aPROCEEDING 912 $a996280605003316 996 $aSECM 2017$91964411 997 $aUNISA LEADER 02003nam 2200529 450 001 9910708699603321 005 20140206144612.0 035 $a(CKB)5470000002446812 035 $a(OCoLC)867786168 035 $a(EXLCZ)995470000002446812 100 $a20140109d1996 ua 0 101 0 $aeng 135 $aur||||||||||| 181 $ctxt$2rdacontent 182 $cc$2rdamedia 183 $acr$2rdacarrier 200 13$aAn Act to Amend Public Law 103-93 to Provide Additional Lands within the State of Utah for the Goshute Indian Reservation, and for Other Purposes 210 1$a[Washington, D.C.] :$c[U.S. Government Printing Office],$d[1996] 215 $a1 online resource (1 unnumbered leaf) 300 $aTitle from title screen (viewed on Jan. 9, 2014). 300 $a"Oct. 1, 1996, (H.R. 2464)." 300 $a"110 Stat. 3013." 300 $a"Public Law 104-211." 606 $aLand titles$xRegistration and transfer$zUtah 606 $aIndian land transfers$zUtah 606 $aReal property, Exchange of$zUtah 606 $aGosiute Indians$xLand tenure$zUtah 606 $aGosiute Indians$xLand tenure$2fast 606 $aIndian land transfers$2fast 606 $aLand titles$xRegistration and transfer$2fast 606 $aReal property, Exchange of$2fast 607 $aUtah$2fast 608 $aStatutes and codes.$2lcgft 615 0$aLand titles$xRegistration and transfer 615 0$aIndian land transfers 615 0$aReal property, Exchange of 615 0$aGosiute Indians$xLand tenure 615 7$aGosiute Indians$xLand tenure. 615 7$aIndian land transfers. 615 7$aLand titles$xRegistration and transfer. 615 7$aReal property, Exchange of. 801 0$bGPO 801 1$bGPO 906 $aBOOK 912 $a9910708699603321 996 $aAn Act to Amend Public Law 103-93 to Provide Additional Lands within the State of Utah for the Goshute Indian Reservation, and for Other Purposes$93440955 997 $aUNINA